A history of East Asian civilization / (Record no. 40032)
[ view plain ]
| 000 -LEADER | |
|---|---|
| fixed length control field | 01126cam a2200277 4500 |
| 001 - CONTROL NUMBER | |
| control field | 12177398 |
| 005 - DATE AND TIME OF LATEST TRANSACTION | |
| control field | 20160817143832.0 |
| 008 - FIXED-LENGTH DATA ELEMENTS--GENERAL INFORMATION | |
| fixed length control field | 741018s1958 mauab b 000 0 eng |
| 010 ## - LIBRARY OF CONGRESS CONTROL NUMBER | |
| LC control number | 60004269 //r65 |
| 040 ## - CATALOGING SOURCE | |
| Original cataloging agency | DLC |
| Transcribing agency | HAM |
| Modifying agency | SER |
| -- | m.c. |
| -- | SER |
| -- | OCL |
| -- | WSU |
| -- | OCL |
| -- | WAL |
| -- | EAU |
| -- | DGW |
| -- | NKFUST |
| 100 1# - MAIN ENTRY--PERSONAL NAME | |
| Personal name | Reischauer, Edwin O. |
| Fuller form of name | (Edwin Oldfather), |
| Dates associated with a name | 1910- |
| 245 12 - TITLE STATEMENT | |
| Title | A history of East Asian civilization / |
| Statement of responsibility, etc | [by] Edwin O. Reischauer [and] John K. Fairbank. |
| 260 ## - PUBLICATION, DISTRIBUTION, ETC. (IMPRINT) | |
| Place of publication, distribution, etc | Boston : |
| Name of publisher, distributor, etc | Houghton Mifflin ; |
| Date of publication, distribution, etc | [1958, 1960] |
| 300 ## - PHYSICAL DESCRIPTION | |
| Extent | 2 v. : |
| Other physical details | ill., maps (part fold.); |
| Dimensions | 25 cm. |
| 500 ## - GENERAL NOTE | |
| General note | Vol. 2 by John K. Fairbank, Edwin O. Reischauer, and Albert M. Craig. |
| 504 ## - BIBLIOGRAPHY, ETC. NOTE | |
| Bibliography, etc | Includes bibliographical references. |
| 505 0# - FORMATTED CONTENTS NOTE | |
| Formatted contents note | v. 1. East Asia: The great tradition.--v. 2. East Asia: The modern transformation. |
| 650 #0 - SUBJECT ADDED ENTRY--TOPICAL TERM | |
| Topical term or geographic name as entry element | Civilization, Oriental |
| General subdivision | History. |
| 651 #0 - SUBJECT ADDED ENTRY--GEOGRAPHIC NAME | |
| Geographic name | East Asia |
| General subdivision | Civilization. |
| 700 1# - ADDED ENTRY--PERSONAL NAME | |
| Personal name | Craig, Albert M. |
| 700 1# - ADDED ENTRY--PERSONAL NAME | |
| Personal name | Fairbank, John King, |
| Dates associated with a name | 1907- |
| 740 0# - ADDED ENTRY--UNCONTROLLED RELATED/ANALYTICAL TITLE | |
| Uncontrolled related/analytical title | East Asia: The modern transformation. |
| 740 0# - ADDED ENTRY--UNCONTROLLED RELATED/ANALYTICAL TITLE | |
| Uncontrolled related/analytical title | East Asian civilization. |
| 740 0# - ADDED ENTRY--UNCONTROLLED RELATED/ANALYTICAL TITLE | |
| Uncontrolled related/analytical title | East Asia: The great tradition. |
| 942 ## - ADDED ENTRY ELEMENTS (KOHA) | |
| Source of classification or shelving scheme | Library of Congress Classification |
| Item type | Books |
| Withdrawn status | Lost status | Source of classification or shelving scheme | Damaged status | Not for loan | Home library | Current library | Shelving location | Date acquired | Source of acquisition | Serial Enumeration / chronology | Inventory number | Total Checkouts | Full call number | Barcode | Date last seen | Price effective from | Koha item type |
|---|---|---|---|---|---|---|---|---|---|---|---|---|---|---|---|---|---|
| Library of Congress Classification | BSOP Library | BSOP Library | GC | 08/17/2016 | v. I | 38212 | CB253 R27e v.I | 00048212 | 08/17/2016 | 08/17/2016 | Books | ||||||
| Library of Congress Classification | BSOP Library | BSOP Library | GC | 08/17/2016 | V.II | 38213 | CB253 R27e v.II | 00048213 | 08/17/2016 | 08/17/2016 | Books |
